Statistics for "China" in the Answer

Click here to take the quiz!

General Stats

  • This quiz has been taken 111 times
  • The average score is 10 of 20

Answer Stats

ClueAnswer% Correct
Full English name of the
country of China
People's Republic
of China
87%
Seas bordered by ChinaSouth China Sea
78%
See it on almost every productMade in China
77%
Official name of TaiwanRepublic of China
75%
Seas bordered by ChinaEast China Sea
69%
Peninsula of VietnamIndochina
69%
Sole governing political party
of the above
Chinese
Communist Party
68%
What Trump calls COVID-19Chinese Virus
66%
1974 Jack Nicholson classicChinatown
62%
Kept the barbarians out of China?Great Wall of China
61%
Also called the "Spring Festival"Chinese New Year
54%
First comes the rat, last the pigChinese Zodiac
52%
World's largest ethnic groupHan Chinese
39%
Porcelain, alternate nameFine China
37%
Qin Shi Huang's or Kangxi's titleEmperor of China
35%
Was ongoing between 1927–1936,
and then again 1945–1949
Chinese Civil War
34%
Taiwan's name in international
competitions
Chinese Taipei
25%
Logograms aka "Hanzi"Chinese Characters
21%
Guns N' Roses albumChinese Democracy
18%
Taiwan's flag carrierChina Airlines
15%

Score Distribution

Percentile by Number Answered

Percent of People with Each Score

Your Score History

You have not taken this quiz